LEADER 02382oas 2200997 a 450 001 9910154537603321 005 20260203110301.0 011 $a1366-5804 035 $a(DE-599)ZDB1496523-9 035 $a(OCoLC)38266024 035 $a(CONSER) 2008233627 035 $a(CKB)954925277555 035 $a(DE-599)1496523-9 035 $a(EXLCZ)99954925277555 100 $a19980126a19969999 sy a 101 0 $aeng 135 $aurmnu|||||||| 181 $ctxt$2rdacontent 182 $cc$2rdamedia 183 $acr$2rdacarrier 200 10$aBiomarkers 210 $a[London] $cTaylor & Francis 300 $aRefereed/Peer-reviewed 300 $a"Biochemical indicators of exposure, response and susceptibility." 311 08$a1354-750X 606 $aBiochemical markers$vPeriodicals 606 $aGenetic Markers 606 $aMarqueurs biologiques$vPe?riodiques 606 $aBiochemical markers$2fast$3(OCoLC)fst00831950 606 $aMarcadors bioquímics$2thub 606 $aMarcadors genètics$2thub 608 $aPeriodical. 608 $aperiodicals.$2aat 608 $aPeriodicals.$2fast 608 $aPeriodicals.$2lcgft 608 $aPe?riodiques.$2rvmgf 608 $aRevistes electròniques.$2thub 615 0$aBiochemical markers 615 2$aGenetic Markers. 615 6$aMarqueurs biologiques 615 7$aBiochemical markers. 615 7$aMarcadors bioquímics. 615 7$aMarcadors genètics. 676 $a615.907 801 0$bF#A 801 1$bF#A 801 2$bOCL 801 2$bOCLCQ 801 2$bNSD 801 2$bOCLCQ 801 2$bGUA 801 2$bOCLCQ 801 2$bUKMGB 801 2$bOCLCQ 801 2$bOCLCO 801 2$bOCLCQ 801 2$bOCLCF 801 2$bOCLCQ 801 2$bU3G 801 2$bUAB 801 2$bWT2 801 2$bNLE 801 2$bDLC 801 2$bAU@ 801 2$bU3W 801 2$bOCLCQ 801 2$bOCLCO 801 2$bOCLCA 801 2$bUBY 801 2$bOCLCO 801 2$bSFB 801 2$bUEJ 801 2$bBWN 801 2$bOCLCQ 801 2$bYWS 801 2$bOCLCL 801 2$bCSU 801 2$bZ5A 801 2$bLND 801 2$bS2H 801 2$bCO3 801 2$bOCLCQ 906 $aJOURNAL 912 $a9910154537603321 996 $aBiomarkers$91418017 997 $aUNINA